Wings of Fire Trivia - Statistics

General Stats
  • This quiz has been taken 276 times
  • The average score is 10 of 23
Answer Stats
Question Hint Answer % Correct
Who is the oldest of Clay's Sibs?(excluding Clay) Anxious Reed
93%
Who is the youngest of Clay's Sibs? Attended Jade Mountain Umber
89%
Which parent of Winter is the sibling to Glacier? No hint Narwhal
73%
Who was the first to die in the Royal SeaWing Massacre? SeaWing Lagoon
58%
Which character represents Tui's son? MudWing Clay
52%
Who is the POV character in the prologue of Escaping Peril? SkyWing Ruby
47%
What are SandWings called by humans? No hint Sand Dragons
45%
What are SkyWings called by humans? No hint Sky Dragons
45%
What are IceWings called by humans? No hint Ice Dragons
44%
What are SeaWings called by humans? No hint Sea Dragons
44%
What are MudWings called by humans? No hint Swamp Dragons
44%
What is the most recent main-series book? No hint The Flames of Hope
43%
What character is a fan OC brought into the books for a charity event? Hybrid Typhoon
43%
What are NightWings called by humans? No hint Night Dragons
42%
What tribe is Tui's favorite? This tribe only has only one main character Rainwings
41%
Who is Deathbringer's mother? No hint Quickstrike
39%
Who is Snowfall's Sisters Boyfriend? MudWing Gharial
38%
What are RainWings called by humans? No hint Rainforest Dragons
36%
Who was the first LGBTQ+ character timeline-wise? IceWings Snowfox
27%
If she was a ghost, where would Luna haunt? A type of museum Art Museum
22%
What is the first LGBTQ+ relationship in the books? SilkWings Silverspot and Burnet
19%
What is the first the Qibli stole? A type of tropical fruits Persimmon
5%
What Warriors book has Tui worked on? Guide Secrets of the Clans
5%
No matching quizzes found
Score Distribution
Percent of People with Each Score
Percentile by Number Answered
Your Score History
You have not taken this quiz